Prognóza reprodukcie práceschopného obyvateľstva SSR a jeho zamestnanosti do roku 2010 problémová štúdia k Prognóze ekonomického rozvoja SSR do roku 2010

Gespeichert in:
Bibliographische Detailangaben
1. Verfasser: Brhlovič, Gerhard
Format: Buch
Sprache:Slowakisch
Veröffentlicht: Bratislava Ekon. ústav SAV 1988
Tags: Tag hinzufügen
Keine Tags, Fügen Sie das erste Tag hinzu!

MARC

LEADER 00000nam a2200000 4500
001 c040609
005 20260303112926.4
041 0 |a slo 
044 |a SK 
245 1 0 |a Prognóza reprodukcie práceschopného obyvateľstva SSR a jeho zamestnanosti do roku 2010  |b problémová štúdia k Prognóze ekonomického rozvoja SSR do roku 2010  |c Gerhard Brhlovič 
264 1 |a Bratislava  |b Ekon. ústav SAV  |c 1988 
300 |a 120 s. 
100 1 |a Brhlovič, Gerhard